Sports Quiz

Random Sports Quiz
Score 0/66 Timer 10:00
0 Plays Today
Hint Answer % Correct
Riverside (H) 1/9/13Ben Goode
87.5%
Ben Goode
87.5%
Joey Papworth
75%
Jake Hicks
75%
Chris Miles
75%
Tom Greenwood
75%
James Padden
75%
Simon Dorrell
75%
Jake Hicks
75%
Powick (Nursing Cup) (H) 6/10/13Will Cooper
75%
Simon Dorrell
75%
James Padden
75%
Chris Miles
75%
Joey Papworth
75%
Joe Barrett
75%
Worcester Rileys (A) 10/11/13Will Cooper
75%
Chris Jones
75%
Jake Hicks
75%
Simon Dorrell
75%
Chris Miles
75%
Joey Papworth
75%
Joe Barrett
75%
St Johns (Nursing Cup) (H) 2/3/14Will Cooper
75%
Jake Hicks
75%
Joey Papworth
75%
Simon Dorrell
75%
Chris Jones
75%
James Padden
75%
Matt Greenwood
75%
Joe Barrett
75%
Tom Greenwood
75%
Joey Papworth
75%
James Padden
75%
Hint Answer % Correct
Simon Dorrell
75%
Chris Miles
75%
Matt Greenwood
75%
Joe Barrett
75%
Sport Dysons (A) 18/5/14Charlie Weaver
75%
Tom Greenwood
75%
Joey Papworth
75%
Simon Dorrell
75%
James Padden
75%
Matt Greenwood
75%
Jordan Parmenter
62.5%
Jay Cotton
62.5%
Nick Jones
62.5%
Zak O'Neill
62.5%
Jordan Parmenter
62.5%
Jay Cotton
62.5%
Oli Saunders
62.5%
Jordan Parmenter
62.5%
Jay Cotton
62.5%
Nick Jones
62.5%
Jordan Parmenter
62.5%
Bill Hemming
62.5%
Riverside (A) 13/4/14Bill Hemming
62.5%
Liam Bates
62.5%
Chris Andrews
62.5%
Chris Andrews
62.5%
Bill Hemming
62.5%
Ali Griffiths
50%
Zac Blood
50%
Mark Haynes
50%
Gaz Hodgetts
50%
Mark Haynes
50%
Jack Finch
37.5%
Remove Ads.
Support Sporcle.
Get the best of Sporcle when you Go Orange. This ad-free experience offers more features, more stats, and more fun while also helping to support Sporcle. Thank you for becoming a member.

You're not logged in!

Compare scores with friends on all Sporcle quizzes.
OR
Log In

Show Comments

Extras

Created Jan 19, 2015ReportNominate
Tags:2013, Drake

Top Quizzes Today


Score Distribution

Your Account Isn't Verified!

In order to create a playlist on Sporcle, you need to verify the email address you used during registration. Go to your Sporcle Settings to finish the process.

Report this User

Report this user for behavior that violates our Community Guidelines.

Details: